|
|
|
|
| LEADER |
00000nam0a2200000 4500 |
| 001 |
377411 |
| 005 |
20231102012919.0 |
| 035 |
|
|
|a (RuTPU)RU\TPU\retro\34862
|
| 035 |
|
|
|a RU\TPU\retro\33373
|
| 090 |
|
|
|a 377411
|
| 100 |
|
|
|a 20230309d1975 k y0rusy50 ca
|
| 101 |
0 |
|
|a rus
|
| 102 |
|
|
|a RU
|
| 105 |
|
|
|a a z 001zy
|
| 200 |
1 |
|
|a Раннепалеозойские гранитоидные формации Западного Забайкалья и Кузнецкого Алатау
|f Академия наук СССР (АН СССР), Сибирское отделение (СО), Институт геологии и геофизики (ИГиГ) ; отв. ред. Ю. А. Кузнецов
|
| 210 |
|
|
|a Новосибирск
|c Наука
|d 1975
|
| 215 |
|
|
|a 124 с.
|c ил.
|
| 225 |
1 |
|
|a Труды Института геологии и геофизики
|v Вып. 250
|
| 320 |
|
|
|a Библиогр. в конце ст.
|
| 327 |
0 |
|
|a Содерж.: Е.С. Сергеева. Саксырский (Сырский) гранитоидный плутон (Кузнецкий Алатау);В.Н. Довгаль, В.И. Богнибов, В.А. Широких. О главных факторах повышения щелочности пород раннепалеозойской формации гранитоидных батолитов Кузнецкого Алатау; А.Н. Дистанова. Раннепалеозойский гранитоидный комплекс Джидинского района (Юго-Западное Забайкалье)
|
| 330 |
|
|
|a В сборнике обобщены результаты новых петрологических исследований. Для Забайкалья подробно описывается раннепалеозойскbй гранbтоидный комплекс джидинской зоны, его вещественный состав, формационная принадлежность, условия формирования, взаимоотношение с более молодыми и более древними ассоциациями. Для Кузнецкого Алатау разбираются факторы повышения щелочности пород раннепалеозойской формации гранитоидных батолитов, дается геологопетрографическая характеристика Саксырского батолита. Материалы сборника представляют интерес для широкого круга геологов
|
| 606 |
1 |
|
|a Гранитоиды
|x Происхождение
|2 stltpush
|3 (RuTPU)RU\TPU\subj\8547
|9 35939
|
| 610 |
1 |
|
|a Кузнецкий Алатау
|
| 610 |
1 |
|
|a геология
|
| 610 |
1 |
|
|a Западное Забайкалье
|
| 610 |
1 |
|
|a геологические структуры
|
| 610 |
1 |
|
|a геологическое строение
|
| 610 |
1 |
|
|a щелочность
|
| 610 |
1 |
|
|a батолиты
|
| 610 |
1 |
|
|a ранний палеозой
|
| 610 |
1 |
|
|a петрология
|
| 675 |
|
|
|a 552.321.1/.3
|v 3
|
| 702 |
|
1 |
|a Кузнецов
|b Ю. А.
|c геолог, петрограф
|c профессор Томского политехнического института
|c с 1959 г. перешел на работу в Институт геологии и геофизики СО АН СССР
|f 1903-1982
|g Юрий Алексеевич
|2 stltpush
|3 (RuTPU)RU\TPU\pers\8363
|4 340
|
| 712 |
0 |
2 |
|a Академия наук СССР (АН СССР)
|b Сибирское отделение (СО)
|b Институт геологии и геофизики (ИГиГ)
|c (Новосибирск)
|2 stltpush
|3 (RuTPU)RU\TPU\col\128
|
| 801 |
|
1 |
|a RU
|b 63413507
|c 20150207
|
| 801 |
|
2 |
|a RU
|b 63413507
|c 20230309
|g RCR
|
| 942 |
|
|
|c BK
|